[Event "WCO2014"]
[Site "Tromso"]
[Date "2014.08.09"]
[Round "7.36"]
[WhiteID "1004786"]
[White "Peng Zhaoqin"]
[BlackID "5015197"]
[Black "Harika Dronavalli"]
[Result "1/2-1/2"]
[LiveChessVersion "1.4.3"]
[BlackElo "2521"]
[WhiteElo "2391"]

1. d4 {[%clk 1:30:57]} d5 {[%clk 1:30:47]} 2. c4 {[%clk 1:31:08]} e6
{[%clk 1:31:06]} 3. Nf3 {[%clk 1:30:33]} Nf6 {[%clk 1:31:13]} 4. Nc3
{[%clk 1:27:16]} Nbd7 {[%clk 1:29:03]} 5. e3 {[%clk 1:22:32]} Be7
{[%clk 1:19:37]} 6. Qc2 {[%clk 1:20:00]} O-O {[%clk 1:18:21]} 7. a3
{[%clk 1:16:41]} b6 {[%clk 1:05:24]} 8. cxd5 {[%clk 1:11:18]} exd5
{[%clk 1:05:09]} 9. b4 {[%clk 1:11:34]} c5 {[%clk 0:56:04]} 10. bxc5
{[%clk 1:11:55]} bxc5 {[%clk 0:56:32]} 11. Be2 {[%clk 1:10:37]} Nb6
{[%clk 0:40:17]} 12. dxc5 {[%clk 1:06:34]} Bxc5 {[%clk 0:40:41]} 13. O-O
{[%clk 1:06:36]} Bg4 {[%clk 0:40:26]} 14. Na4 {[%clk 0:46:31]} Nxa4
{[%clk 0:38:40]} 15. Qxa4 {[%clk 0:46:01]} Rb8 {[%clk 0:36:55]} 16. h3
{[%clk 0:34:36]} Bh5 {[%clk 0:26:52]} 17. Ra2 {[%clk 0:31:42]} Ne4
{[%clk 0:26:46]} 18. Bb2 {[%clk 0:31:18]} Qb6 {[%clk 0:17:19]} 19. Be5
{[%clk 0:28:04]} Qb3 {[%clk 0:12:53]} 20. Qxb3 {[%clk 0:26:49]} Rxb3
{[%clk 0:13:21]} 21. a4 {[%clk 0:11:54]} f6 {[%clk 0:08:54]} 22. Bd4
{[%clk 0:12:03]} Bxd4 {[%clk 0:07:44]} 23. Nxd4 {[%clk 0:11:53]} Bxe2
{[%clk 0:08:12]} 24. Nxe2 {[%clk 0:10:57]} Nc3 {[%clk 0:06:53]} 25. Nxc3
{[%clk 0:11:18]} Rxc3 {[%clk 0:07:21]} 26. Rd1 {[%clk 0:11:19]} Rd8
{[%clk 0:07:24]} 27. Rad2 {[%clk 0:09:42]} Rc4 {[%clk 0:07:39]} 28. Rd4
{[%clk 0:09:51]} Rxd4 {[%clk 0:06:58]} 29. Rxd4 {[%clk 0:10:18]} Kf7
{[%clk 0:07:23]} 30. Rb4 {[%clk 0:09:11]} Rd7 {[%clk 0:07:31]} 31. Kf1
{[%clk 0:08:19]} Rc7 {[%clk 0:07:03]} 32. Rb5 {[%clk 0:08:35]} Ke6
{[%clk 0:07:06]} 33. Ra5 {[%clk 0:08:57]} h5 {[%clk 0:06:12]} 34. Ke2
{[%clk 0:08:18]} Rc2+ {[%clk 0:04:59]} 35. Kf3 {[%clk 0:08:42]} Rc7
{[%clk 0:05:24]} 36. h4 {[%clk 0:07:10]} Rb7 {[%clk 0:05:26]} 37. Kf4
{[%clk 0:06:48]} Rb4+ {[%clk 0:05:44]} 38. Kg3 {[%clk 0:06:39]} Rb7
{[%clk 0:05:52]} 39. f3 {[%clk 0:06:39]} Rd7 {[%clk 0:04:51]} 40. Kf4
{[%clk 0:06:07]} Rb7 {[%clk 0:03:31]} 41. Ra6+ {[%clk 0:05:54]} Kf7
{[%clk 0:03:30]} 42. g4 {[%clk 0:03:02]} hxg4 {[%clk 0:02:38]} 43. fxg4
{[%clk 0:01:19]} Rd7 {[%clk 0:27:28]} 44. Kf3 {[%clk 0:27:41]} Kg6
{[%clk 0:26:59]} 45. Ra5 {[%clk 0:21:50]} Kh7 {[%clk 0:21:26]} 46. Ra6
{[%clk 0:16:40]} Kg6 {[%clk 0:21:47]} 47. Ra5 {[%clk 0:16:34]} Kh7
{[%clk 0:22:10]} 48. Ra6 {[%clk 0:16:46]} 1/2-1/2

[Event "WCO2014"]
[Site "Tromso"]
[Date "2014.08.09"]
[Round "7.35"]
[WhiteID "5007844"]
[White "Sachdev Tanya"]
[BlackID "1017292"]
[Black "Haast Anne"]
[Result "1-0"]
[LiveChessVersion "1.4.3"]
[BlackElo "2324"]
[WhiteElo "2418"]

1. d4 {[%clk 1:30:47]} d5 {[%clk 1:30:39]} 2. Nf3 {[%clk 1:31:06]} Nf6
{[%clk 1:30:33]} 3. c4 {[%clk 1:31:29]} dxc4 {[%clk 1:30:43]} 4. e3
{[%clk 1:31:48]} e6 {[%clk 1:30:47]} 5. Bxc4 {[%clk 1:31:59]} c5 {[%clk 1:30:53]}
6. O-O {[%clk 1:30:44]} a6 {[%clk 1:31:05]} 7. a4 {[%clk 1:29:37]} Nc6
{[%clk 1:30:44]} 8. Qe2 {[%clk 1:28:37]} cxd4 {[%clk 1:30:26]} 9. Rd1
{[%clk 1:29:03]} Be7 {[%clk 1:30:09]} 10. exd4 {[%clk 1:29:14]} O-O
{[%clk 1:29:47]} 11. Nc3 {[%clk 1:29:29]} Nd5 {[%clk 1:29:43]} 12. Ne5
{[%clk 1:07:39]} Ncb4 {[%clk 1:18:22]} 13. Bb3 {[%clk 1:03:38]} b6
{[%clk 0:47:00]} 14. Nxd5 {[%clk 0:58:38]} exd5 {[%clk 0:47:19]} 15. Bd2
{[%clk 0:58:29]} Bb7 {[%clk 0:46:30]} 16. Rac1 {[%clk 0:52:38]} Rc8
{[%clk 0:35:06]} 17. Rc3 {[%clk 0:47:31]} Qd6 {[%clk 0:13:15]} 18. Qf3
{[%clk 0:25:39]} Bf6 {[%clk 0:08:58]} 19. Bf4 {[%clk 0:17:57]} Qe6
{[%clk 0:08:29]} 20. Re3 {[%clk 0:17:09]} Bxe5 {[%clk 0:03:05]} 21. Bxe5
{[%clk 0:15:28]} Qh6 {[%clk 0:02:28]} 22. Qe2 {[%clk 0:09:16]} Rfe8
{[%clk 0:00:53]} 23. Qd2 {[%clk 0:06:36]} Nc6 {[%clk 0:00:43]} 24. Bxg7
{[%clk 0:06:34]} Qh5 {[%clk 0:00:38]} 25. Rg3 {[%clk 0:05:45]} Ne7
{[%clk 0:00:52]} 26. Rg5 {[%clk 0:05:25]} Qh4 {[%clk 0:00:33]} 27. Bf6+
{[%clk 0:05:47]} Kf8 {[%clk 0:00:40]} 28. Rg8+ {[%clk 0:05:45]} 1-0

[Event "WCO2014"]
[Site "Tromso"]
[Date "2014.08.09"]
[Round "7.34"]
[WhiteID "1008498"]
[White "Muhren Bianca"]
[BlackID "5013623"]
[Black "Gomes Mary Ann"]
[Result "0-1"]
[LiveChessVersion "1.4.3"]
[BlackElo "2352"]
[WhiteElo "2314"]

1. e4 {[%clk 1:30:57]} c5 {[%clk 1:30:47]} 2. Nf3 {[%clk 1:31:20]} d6
{[%clk 1:31:10]} 3. d4 {[%clk 1:31:45]} cxd4 {[%clk 1:31:35]} 4. Nxd4
{[%clk 1:32:13]} Nf6 {[%clk 1:31:56]} 5. Nc3 {[%clk 1:32:38]} a6 {[%clk 1:32:19]}
6. Be2 {[%clk 1:32:58]} e5 {[%clk 1:32:42]} 7. Nb3 {[%clk 1:33:23]} Be7
{[%clk 1:33:07]} 8. Bg5 {[%clk 1:33:48]} Be6 {[%clk 1:26:01]} 9. Bxf6
{[%clk 1:33:30]} Bxf6 {[%clk 1:26:22]} 10. Qd3 {[%clk 1:33:53]} Nc6
{[%clk 1:22:47]} 11. O-O-O {[%clk 1:33:35]} Be7 {[%clk 1:23:05]} 12. Nd5
{[%clk 1:15:45]} Bxd5 {[%clk 1:23:28]} 13. Qxd5 {[%clk 1:11:23]} Qc7
{[%clk 1:23:48]} 14. c3 {[%clk 1:05:42]} O-O {[%clk 1:23:07]} 15. Kb1
{[%clk 1:05:35]} b5 {[%clk 1:22:07]} 16. h4 {[%clk 0:54:15]} Qb6 {[%clk 1:15:16]}
17. Bg4 {[%clk 0:50:55]} Ra7 {[%clk 1:12:01]} 18. g3 {[%clk 0:35:06]} b4
{[%clk 1:05:19]} 19. cxb4 {[%clk 0:25:02]} Nxb4 {[%clk 0:58:45]} 20. Qa5
{[%clk 0:24:10]} Qb7 {[%clk 0:57:22]} 21. Rhe1 {[%clk 0:24:01]} Rb8
{[%clk 0:52:24]} 22. Re3 {[%clk 0:20:55]} g6 {[%clk 0:26:20]} 23. Bh3
{[%clk 0:15:30]} Bf8 {[%clk 0:20:41]} 24. f3 {[%clk 0:15:47]} Nc6
{[%clk 0:18:45]} 25. Qd5 {[%clk 0:14:11]} Nd4 {[%clk 0:18:30]} 26. Rc3
{[%clk 0:04:30]} Qxd5 {[%clk 0:12:47]} 27. exd5 {[%clk 0:04:59]} Rab7
{[%clk 0:09:10]} 28. Rdd3 {[%clk 0:04:36]} Rb4 {[%clk 0:04:00]} 29. Rc8
{[%clk 0:04:17]} R8b6 {[%clk 0:03:31]} 30. Bf1 {[%clk 0:01:29]} a5
{[%clk 0:03:30]} 31. Rd2 {[%clk 0:01:03]} Nxb3 {[%clk 0:01:28]} 32. axb3
{[%clk 0:01:32]} Rxb3 {[%clk 0:01:53]} 33. Bd3 {[%clk 0:01:53]} Rb8
{[%clk 0:01:30]} 34. Rxb8 {[%clk 0:01:49]} Rxb8 {[%clk 0:01:56]} 35. Ka2
{[%clk 0:01:36]} Rb4 {[%clk 0:02:09]} 36. Rc2 {[%clk 0:00:54]} Rd4
{[%clk 0:02:27]} 37. Bc4 {[%clk 0:01:11]} Bh6 {[%clk 0:02:34]} 38. Kb3
{[%clk 0:01:12]} Bd2 {[%clk 0:02:47]} 39. g4 {[%clk 0:00:39]} Kg7
{[%clk 0:02:52]} 40. Ka4 {[%clk 0:00:34]} Be1 {[%clk 0:01:40]} 41. Kb5
{[%clk 0:29:21]} Bb4 {[%clk 0:31:29]} 42. Rg2 {[%clk 0:19:20]} Kf6
{[%clk 0:27:03]} 43. b3 {[%clk 0:11:25]} Ke7 {[%clk 0:25:38]} 44. Re2
{[%clk 0:08:37]} Rf4 {[%clk 0:21:23]} 45. Rf2 {[%clk 0:06:46]} h5
{[%clk 0:21:07]} 46. Rg2 {[%clk 0:06:27]} Rxf3 {[%clk 0:17:16]} 47. gxh5
{[%clk 0:06:34]} gxh5 {[%clk 0:17:37]} 48. Rg5 {[%clk 0:06:35]} e4
{[%clk 0:17:25]} 49. Rxh5 {[%clk 0:06:54]} e3 {[%clk 0:17:47]} 50. Rg5
{[%clk 0:06:30]} Rf4 {[%clk 0:18:02]} 51. Be2 {[%clk 0:03:40]} Rf2
{[%clk 0:16:08]} 52. Bd3 {[%clk 0:01:57]} e2 {[%clk 0:16:19]} 53. Bxe2
{[%clk 0:02:25]} Rxe2 {[%clk 0:16:42]} 54. h5 {[%clk 0:02:10]} Rh2
{[%clk 0:16:41]} 55. Rf5 {[%clk 0:02:24]} Rh3 {[%clk 0:16:46]} 56. Ka4
{[%clk 0:02:02]} f6 {[%clk 0:17:05]} 57. Rf1 {[%clk 0:00:51]} Rxh5
{[%clk 0:17:28]} 58. Rg1 {[%clk 0:00:50]} Bd2 {[%clk 0:15:36]} 59. Rg7+
{[%clk 0:01:15]} Kf8 {[%clk 0:15:53]} 60. Rb7 {[%clk 0:00:37]} Rxd5
{[%clk 0:15:44]} 61. Rh7 {[%clk 0:00:38]} f5 {[%clk 0:15:34]} 62. Rb7
{[%clk 0:00:43]} Rd4+ {[%clk 0:15:43]} 63. Ka3 {[%clk 0:00:53]} f4
{[%clk 0:15:58]} 64. Rb5 {[%clk 0:00:36]} Kg7 {[%clk 0:14:11]} 65. Rf5
{[%clk 0:01:00]} Kg6 {[%clk 0:14:34]} 66. Rf8 {[%clk 0:01:29]} Kg5
{[%clk 0:14:51]} 67. Kb2 {[%clk 0:01:54]} Bb4 {[%clk 0:14:40]} 68. Kc1
{[%clk 0:01:51]} Kg4 {[%clk 0:15:03]} 69. Rg8+ {[%clk 0:02:15]} Kf3
{[%clk 0:15:09]} 70. Rh8 {[%clk 0:01:57]} Ke3 {[%clk 0:15:29]} 71. Re8+
{[%clk 0:01:41]} Re4 {[%clk 0:15:49]} 72. Rh8 {[%clk 0:01:44]} f3
{[%clk 0:16:06]} 73. Rh3 {[%clk 0:01:32]} Ke2 {[%clk 0:16:26]} 74. Kc2
{[%clk 0:01:13]} f2 {[%clk 0:16:31]} 75. Rh2 {[%clk 0:01:25]} Ke1
{[%clk 0:16:51]} 76. Kd3 {[%clk 0:01:17]} Re5 {[%clk 0:15:44]} 77. Kd4
{[%clk 0:00:55]} Bc5+ {[%clk 0:15:35]} 78. Kc3 {[%clk 0:01:03]} f1=Q
{[%clk 0:16:22]} 0-1

[Event "WCO2014"]
[Site "Tromso"]
[Date "2014.08.09"]
[Round "7.33"]
[WhiteID "5029295"]
[White "Padmini Rout"]
[BlackID "1005308"]
[Black "Lanchava Tea"]
[Result "1-0"]
[LiveChessVersion "1.4.3"]
[BlackElo "2276"]
[WhiteElo "2318"]

1. e4 {[%clk 1:30:56]} g6 {[%clk 1:30:54]} 2. d4 {[%clk 1:31:01]} Bg7
{[%clk 1:31:16]} 3. Nc3 {[%clk 1:31:23]} c6 {[%clk 1:31:38]} 4. Nf3
{[%clk 1:31:45]} d5 {[%clk 1:31:55]} 5. h3 {[%clk 1:30:32]} Nh6 {[%clk 1:32:01]}
6. Bd3 {[%clk 1:29:25]} O-O {[%clk 1:31:56]} 7. O-O {[%clk 1:28:20]} f6
{[%clk 1:32:20]} 8. Bxh6 {[%clk 1:22:45]} Bxh6 {[%clk 1:32:32]} 9. Qe2
{[%clk 1:23:04]} e6 {[%clk 1:23:41]} 10. Nd1 {[%clk 1:18:04]} dxe4
{[%clk 1:07:02]} 11. Bxe4 {[%clk 1:13:44]} Re8 {[%clk 1:05:07]} 12. Ne3
{[%clk 1:01:23]} Nd7 {[%clk 1:02:53]} 13. Rfd1 {[%clk 0:55:09]} Qe7
{[%clk 0:57:32]} 14. Nc4 {[%clk 0:53:52]} Nf8 {[%clk 0:50:46]} 15. a4
{[%clk 0:47:59]} Bd7 {[%clk 0:41:07]} 16. a5 {[%clk 0:46:39]} Rab8
{[%clk 0:40:59]} 17. c3 {[%clk 0:46:21]} g5 {[%clk 0:39:46]} 18. b4
{[%clk 0:43:25]} Red8 {[%clk 0:37:35]} 19. Re1 {[%clk 0:39:37]} Be8
{[%clk 0:37:36]} 20. Nfd2 {[%clk 0:34:44]} Bg7 {[%clk 0:31:45]} 21. Bc2
{[%clk 0:31:30]} Qc7 {[%clk 0:31:07]} 22. Nb3 {[%clk 0:29:52]} Bf7
{[%clk 0:28:45]} 23. Nc5 {[%clk 0:29:59]} Re8 {[%clk 0:28:50]} 24. Bd3
{[%clk 0:28:22]} Rbd8 {[%clk 0:24:39]} 25. Qf3 {[%clk 0:27:46]} Re7
{[%clk 0:18:45]} 26. Ne4 {[%clk 0:22:14]} Qf4 {[%clk 0:17:40]} 27. Qe2
{[%clk 0:21:16]} Qh4 {[%clk 0:16:12]} 28. Ned6 {[%clk 0:19:12]} Bh5
{[%clk 0:13:33]} 29. Qf1 {[%clk 0:17:12]} Bg6 {[%clk 0:11:25]} 30. Nf5
{[%clk 0:14:33]} Bxf5 {[%clk 0:11:49]} 31. Bxf5 {[%clk 0:15:00]} Qf4
{[%clk 0:09:58]} 32. Be4 {[%clk 0:14:38]} f5 {[%clk 0:09:10]} 33. g3
{[%clk 0:06:13]} Qc7 {[%clk 0:09:33]} 34. Bf3 {[%clk 0:06:40]} f4
{[%clk 0:06:00]} 35. Ne5 {[%clk 0:03:59]} Nd7 {[%clk 0:02:50]} 36. Nxd7
{[%clk 0:03:08]} Qxd7 {[%clk 0:01:53]} 37. a6 {[%clk 0:01:12]} b6
{[%clk 0:01:36]} 38. Qc4 {[%clk 0:01:07]} fxg3 {[%clk 0:01:46]} 39. fxg3
{[%clk 0:01:29]} Qd6 {[%clk 0:02:03]} 40. Kg2 {[%clk 0:01:47]} Rc8
{[%clk 0:02:01]} 41. Re2 {[%clk 0:28:48]} Kh8 {[%clk 0:22:36]} 42. Rae1
{[%clk 0:28:35]} e5 {[%clk 0:21:01]} 43. Re3 {[%clk 0:24:26]} c5 {[%clk 0:14:08]}
44. Bb7 {[%clk 0:22:23]} Rcc7 {[%clk 0:08:42]} 45. dxc5 {[%clk 0:21:20]} Qd8
{[%clk 0:03:48]} 46. Be4 {[%clk 0:20:02]} bxc5 {[%clk 0:03:53]} 47. bxc5
{[%clk 0:20:22]} Rf7 {[%clk 0:02:55]} 48. c6 {[%clk 0:20:11]} h5 {[%clk 0:02:00]}
49. Rf1 {[%clk 0:18:10]} Rxf1 {[%clk 0:01:59]} 50. Qxf1 {[%clk 0:18:33]} Qe7
{[%clk 0:01:36]} 51. Qf5 {[%clk 0:16:13]} Bh6 {[%clk 0:01:30]} 52. Rd3
{[%clk 0:14:32]} Bf8 {[%clk 0:00:42]} 53. Rd7 {[%clk 0:13:35]} 1-0

[Event "WCO2014"]
[Site "Tromso"]
[Date "2014.08.09"]
[Round "7.9"]
[WhiteID "14900440"]
[White "Repkova Eva"]
[BlackID "13505211"]
[Black "Ziaziulkina Nastassia"]
[Result "0-1"]
[LiveChessVersion "1.4.3"]
[BlackElo "2407"]
[WhiteElo "2358"]

1. e4 {[%clk 1:30:57]} c5 {[%clk 1:30:56]} 2. Nf3 {[%clk 1:31:22]} d6
{[%clk 1:31:21]} 3. Bb5+ {[%clk 1:31:47]} Nd7 {[%clk 1:30:12]} 4. a4
{[%clk 1:32:10]} Ngf6 {[%clk 1:24:47]} 5. Nc3 {[%clk 1:32:35]} g6
{[%clk 1:20:28]} 6. a5 {[%clk 1:33:00]} Bg7 {[%clk 1:19:54]} 7. O-O
{[%clk 1:30:42]} O-O {[%clk 1:20:06]} 8. h3 {[%clk 1:28:55]} Qc7 {[%clk 1:09:29]}
9. d3 {[%clk 1:28:17]} a6 {[%clk 1:06:14]} 10. Bc4 {[%clk 1:28:39]} e6
{[%clk 1:03:49]} 11. Bf4 {[%clk 1:24:11]} Nh5 {[%clk 1:01:38]} 12. Be3
{[%clk 1:24:00]} Nb8 {[%clk 1:00:57]} 13. Na4 {[%clk 1:14:49]} Nc6
{[%clk 0:58:50]} 14. g4 {[%clk 0:43:42]} Nxa5 {[%clk 0:47:52]} 15. e5
{[%clk 0:36:38]} dxe5 {[%clk 0:29:18]} 16. gxh5 {[%clk 0:32:53]} Nxc4
{[%clk 0:22:22]} 17. dxc4 {[%clk 0:32:57]} b6 {[%clk 0:22:42]} 18. Qe2
{[%clk 0:25:02]} Bb7 {[%clk 0:19:37]} 19. Nd2 {[%clk 0:20:59]} e4
{[%clk 0:17:51]} 20. hxg6 {[%clk 0:17:43]} hxg6 {[%clk 0:18:03]} 21. f4
{[%clk 0:15:13]} exf3 {[%clk 0:18:03]} 22. Nxf3 {[%clk 0:15:42]} Rad8
{[%clk 0:16:09]} 23. Nc3 {[%clk 0:12:58]} Rd7 {[%clk 0:12:54]} 24. Rad1
{[%clk 0:13:05]} Rxd1 {[%clk 0:12:14]} 25. Nxd1 {[%clk 0:13:20]} Rd8
{[%clk 0:12:09]} 26. Qh2 {[%clk 0:12:26]} Qc6 {[%clk 0:11:02]} 27. Nc3
{[%clk 0:10:53]} b5 {[%clk 0:11:05]} 28. cxb5 {[%clk 0:11:00]} axb5
{[%clk 0:11:32]} 29. Nb1 {[%clk 0:07:36]} c4 {[%clk 0:08:18]} 30. c3
{[%clk 0:03:46]} e5 {[%clk 0:08:45]} 31. Nbd2 {[%clk 0:03:26]} Rd3
{[%clk 0:09:06]} 32. Kf2 {[%clk 0:01:59]} Qd5 {[%clk 0:05:12]} 33. Ke2
{[%clk 0:01:35]} f5 {[%clk 0:05:16]} 34. Bg5 {[%clk 0:00:33]} f4 {[%clk 0:04:03]}
35. Kd1 {[%clk 0:00:32]} e4 {[%clk 0:03:22]} 36. Ne1 {[%clk 0:00:34]} e3
{[%clk 0:01:18]} 37. Nxd3 {[%clk 0:00:52]} cxd3 {[%clk 0:01:46]} 38. Qxf4
{[%clk 0:00:33]} e2+ {[%clk 0:01:46]} 39. Kc1 {[%clk 0:00:38]} exf1=Q+
{[%clk 0:00:44]} 40. Nxf1 {[%clk 0:01:03]} Qg2 {[%clk 0:00:40]} 41. Kb1
{[%clk 0:25:15]} Qc2+ {[%clk 0:24:13]} 42. Ka1 {[%clk 0:25:43]} Qd1+
{[%clk 0:24:35]} 43. Qc1 {[%clk 0:24:08]} Qa4+ {[%clk 0:24:48]} 44. Kb1
{[%clk 0:24:33]} Bd5 {[%clk 0:24:45]} 45. Qf4 {[%clk 0:18:41]} Qc2+
{[%clk 0:24:25]} 0-1

[Event "WCO2014"]
[Site "Tromso"]
[Date "2014.08.09"]
[Round "7.10"]
[WhiteID "13505300"]
[White "Stetsko Lanita"]
[BlackID "14900866"]
[Black "Stockova Zuzana"]
[Result "1-0"]
[LiveChessVersion "1.4.3"]
[BlackElo "2383"]
[WhiteElo "2261"]

1. e4 {[%clk 1:30:56]} e6 {[%clk 1:30:47]} 2. d4 {[%clk 1:31:01]} d5
{[%clk 1:31:10]} 3. e5 {[%clk 1:31:21]} c5 {[%clk 1:31:34]} 4. c3
{[%clk 1:31:46]} Nc6 {[%clk 1:32:00]} 5. Nf3 {[%clk 1:31:53]} Qb6
{[%clk 1:32:24]} 6. a3 {[%clk 1:31:30]} Nh6 {[%clk 1:32:37]} 7. b4
{[%clk 1:25:27]} cxd4 {[%clk 1:32:55]} 8. cxd4 {[%clk 1:25:49]} Nf5
{[%clk 1:33:11]} 9. Be3 {[%clk 1:25:00]} f6 {[%clk 1:33:13]} 10. exf6
{[%clk 1:13:32]} gxf6 {[%clk 1:33:16]} 11. Nc3 {[%clk 1:13:08]} Bd7
{[%clk 1:18:32]} 12. Bd3 {[%clk 1:10:22]} Nxe3 {[%clk 1:14:57]} 13. fxe3
{[%clk 1:10:42]} Bh6 {[%clk 0:48:23]} 14. Qe2 {[%clk 1:05:22]} Ne7
{[%clk 0:44:27]} 15. O-O {[%clk 0:52:14]} O-O-O {[%clk 0:34:46]} 16. a4
{[%clk 0:41:07]} Kb8 {[%clk 0:33:29]} 17. a5 {[%clk 0:32:08]} Qc7
{[%clk 0:24:41]} 18. Rfc1 {[%clk 0:30:21]} Qd6 {[%clk 0:21:56]} 19. b5
{[%clk 0:26:14]} Bc8 {[%clk 0:08:54]} 20. b6 {[%clk 0:20:34]} a6 {[%clk 0:07:40]}
21. Na4 {[%clk 0:20:05]} e5 {[%clk 0:06:17]} 22. Bxa6 {[%clk 0:17:30]} bxa6
{[%clk 0:01:42]} 23. Nc5 {[%clk 0:17:35]} e4 {[%clk 0:01:18]} 24. Nd2
{[%clk 0:13:52]} Nf5 {[%clk 0:01:22]} 25. Nf1 {[%clk 0:12:09]} Rhg8
{[%clk 0:01:24]} 26. Nxa6+ {[%clk 0:10:22]} Bxa6 {[%clk 0:01:00]} 27. Qxa6
{[%clk 0:10:48]} Rg7 {[%clk 0:00:36]} 28. Rc7 {[%clk 0:10:41]} Rxc7
{[%clk 0:00:41]} 29. bxc7+ {[%clk 0:11:09]} Kxc7 {[%clk 0:00:49]} 30. Qa7+
{[%clk 0:11:26]} Kc6 {[%clk 0:00:50]} 31. Rc1+ {[%clk 0:11:47]} Kb5
{[%clk 0:01:02]} 32. Qb7+ {[%clk 0:12:08]} Ka4 {[%clk 0:01:10]} 33. Ra1+
{[%clk 0:12:25]} Qa3 {[%clk 0:01:27]} 34. Rxa3+ {[%clk 0:12:39]} Kxa3
{[%clk 0:01:51]} 35. a6 {[%clk 0:12:46]} 1-0

[Event "WCO2014"]
[Site "Tromso"]
[Date "2014.08.09"]
[Round "7.11"]
[WhiteID "4139690"]
[White "Kochetkova Julia"]
[BlackID "13500015"]
[Black "Kaliadzich Maryia"]
[Result "1-0"]
[LiveChessVersion "1.4.3"]
[BlackElo "2020"]
[WhiteElo "2338"]

1. e4 {[%clk 1:30:57]} c5 {[%clk 1:30:51]} 2. Nc3 {[%clk 1:31:20]} Nc6
{[%clk 1:31:15]} 3. Bb5 {[%clk 1:31:46]} g6 {[%clk 1:26:23]} 4. Bxc6
{[%clk 1:31:49]} dxc6 {[%clk 1:26:19]} 5. d3 {[%clk 1:32:13]} e5 {[%clk 1:22:53]}
6. f4 {[%clk 1:28:22]} Bg7 {[%clk 1:17:40]} 7. fxe5 {[%clk 1:27:17]} Bxe5
{[%clk 1:11:43]} 8. Nf3 {[%clk 1:25:39]} Bg4 {[%clk 1:05:49]} 9. Be3
{[%clk 1:23:20]} Qe7 {[%clk 1:00:00]} 10. Qd2 {[%clk 1:16:27]} Bg7
{[%clk 0:47:31]} 11. O-O {[%clk 1:13:33]} Nf6 {[%clk 0:41:45]} 12. Rae1
{[%clk 1:05:41]} Nd7 {[%clk 0:35:51]} 13. Bg5 {[%clk 0:57:09]} f6
{[%clk 0:35:42]} 14. Bf4 {[%clk 0:57:05]} Bxf3 {[%clk 0:32:28]} 15. Rxf3
{[%clk 0:55:43]} O-O-O {[%clk 0:30:18]} 16. Nd1 {[%clk 0:54:40]} Ne5
{[%clk 0:26:41]} 17. Rff1 {[%clk 0:54:48]} Qd7 {[%clk 0:18:41]} 18. b3
{[%clk 0:53:08]} Rhe8 {[%clk 0:16:46]} 19. Ne3 {[%clk 0:51:57]} Qd4
{[%clk 0:15:21]} 20. Qc1 {[%clk 0:38:50]} Kb8 {[%clk 0:11:03]} 21. Kh1
{[%clk 0:38:45]} Ka8 {[%clk 0:10:49]} 22. Nd1 {[%clk 0:33:40]} h5
{[%clk 0:09:42]} 23. Nb2 {[%clk 0:32:33]} Ng4 {[%clk 0:07:12]} 24. Nc4
{[%clk 0:31:14]} a6 {[%clk 0:04:17]} 25. h3 {[%clk 0:30:34]} Ne5 {[%clk 0:01:03]}
26. Be3 {[%clk 0:30:08]} Qc3 {[%clk 0:01:26]} 27. Nb6+ {[%clk 0:30:14]} Ka7
{[%clk 0:01:37]} 28. Na4 {[%clk 0:30:37]} Qa5 {[%clk 0:00:51]} 29. Bxc5+
{[%clk 0:31:00]} Kb8 {[%clk 0:00:55]} 30. Bb6 {[%clk 0:31:08]} Qb4
{[%clk 0:00:53]} 31. Bxd8 {[%clk 0:30:51]} Rxd8 {[%clk 0:01:19]} 32. d4
{[%clk 0:31:15]} Nd7 {[%clk 0:00:59]} 33. Qf4+ {[%clk 0:31:36]} Ka7
{[%clk 0:01:07]} 34. Qc7 {[%clk 0:30:48]} Qf8 {[%clk 0:00:44]} 35. e5
{[%clk 0:31:02]} f5 {[%clk 0:00:34]} 36. e6 {[%clk 0:31:16]} 1-0

[Event "WCO2014"]
[Site "Tromso"]
[Date "2014.08.09"]
[Round "7.12"]
[WhiteID "13506480"]
[White "Revo Tatiana"]
[BlackID "14919311"]
[Black "Gazikova Veronika"]
[Result "0-1"]
[LiveChessVersion "1.4.3"]
[BlackElo "2034"]
[WhiteElo "2023"]

1. e4 {[%clk 1:30:56]} e6 {[%clk 1:30:53]} 2. d4 {[%clk 1:31:19]} d5
{[%clk 1:31:16]} 3. Nd2 {[%clk 1:31:42]} Nf6 {[%clk 1:31:39]} 4. e5
{[%clk 1:31:57]} Nfd7 {[%clk 1:32:01]} 5. Bd3 {[%clk 1:32:17]} c5
{[%clk 1:32:24]} 6. c3 {[%clk 1:32:41]} Nc6 {[%clk 1:32:48]} 7. Ne2
{[%clk 1:32:40]} cxd4 {[%clk 1:33:07]} 8. cxd4 {[%clk 1:33:05]} f6
{[%clk 1:33:31]} 9. exf6 {[%clk 1:33:29]} Nxf6 {[%clk 1:33:55]} 10. Nf3
{[%clk 1:32:57]} Bd6 {[%clk 1:34:10]} 11. O-O {[%clk 1:33:01]} Qc7
{[%clk 1:34:24]} 12. Nc3 {[%clk 1:32:48]} a6 {[%clk 1:34:46]} 13. Re1
{[%clk 1:33:00]} O-O {[%clk 1:35:04]} 14. h3 {[%clk 1:32:59]} Bd7
{[%clk 1:28:04]} 15. Bd2 {[%clk 1:32:19]} b5 {[%clk 1:20:22]} 16. Rc1
{[%clk 1:25:25]} Rae8 {[%clk 1:14:32]} 17. Ne5 {[%clk 1:12:20]} Qb7
{[%clk 1:08:54]} 18. Bg5 {[%clk 0:57:52]} Nxd4 {[%clk 0:53:30]} 19. Bxf6
{[%clk 0:49:15]} Rxf6 {[%clk 0:53:36]} 20. Qh5 {[%clk 0:43:45]} Nf5
{[%clk 0:23:33]} 21. Nxd7 {[%clk 0:37:57]} Qxd7 {[%clk 0:23:46]} 22. Nxd5
{[%clk 0:34:38]} Rh6 {[%clk 0:17:43]} 23. Qe2 {[%clk 0:25:16]} Rf8
{[%clk 0:15:43]} 24. Nc3 {[%clk 0:23:34]} Nd4 {[%clk 0:13:35]} 25. Qe4
{[%clk 0:23:09]} Bb8 {[%clk 0:10:23]} 26. Qg4 {[%clk 0:18:00]} Qd6
{[%clk 0:08:27]} 27. Qg3 {[%clk 0:16:04]} Nf3+ {[%clk 0:08:00]} 28. gxf3
{[%clk 0:14:16]} Qxd3 {[%clk 0:08:24]} 29. Rcd1 {[%clk 0:12:27]} Qf5
{[%clk 0:07:36]} 0-1